00445 a2200157 4500003000400000005001700004008004100021020001800062040000900080082001800089100002500107245008400132250001200216260004900228300001000277OSt20240119102045.0240119b |||||||| |||| 00| 0 eng d a9788182718647 coclc a340.59bKIZ/M aKizhuparamba, Ashraf aMaqasid Al-shariah Shareehathinte Samunnatha Lakshyangal /cAshraf Kizhuparamba a1st ed. aKozhikode:bIslamic Publishing House,c2017. a128p.